Laws of Development of Deformation Folds in [1- 11] Copper Single Crystal at Axis Compression; Applied Mechanics and Materials; Vol. 682 : Innovation Technology and Economics in Engineering
| Parent link: | Applied Mechanics and Materials: Scientific Journal Vol. 682 : Innovation Technology and Economics in Engineering.— 2014.— [P. 448-452] |
|---|---|
| Main Author: | |
| Corporate Author: | |
| Other Authors: | , |
| Summary: | Title screen Deformation folds on the surface of copper single crystal with compression axis orientation are analysed. Folds are an element of the deformation relief on meso-and macro-level secondary to macrobands. Folds are generated in several major crystal areas due to sample bending or striation in its end area. Режим доступа: по договору с организацией-держателем ресурса |
| Language: | English |
| Published: |
2014
|
| Series: | Material Science, Machining Technologies and Equipments in Mechanical Engineering |
| Subjects: | |
| Online Access: | http://dx.doi.org/10.4028/www.scientific.net/AMM.682.448 |
| Format: | Electronic Book Chapter |
| KOHA link: | https://koha.lib.tpu.ru/cgi-bin/koha/opac-detail.pl?biblionumber=641539 |
MARC
| LEADER | 00000nla2a2200000 4500 | ||
|---|---|---|---|
| 001 | 641539 | ||
| 005 | 20231218154609.0 | ||
| 035 | |a (RuTPU)RU\TPU\network\6456 | ||
| 035 | |a RU\TPU\network\6449 | ||
| 090 | |a 641539 | ||
| 100 | |a 20150521a2014 k y0engy50 ba | ||
| 101 | 0 | |a eng | |
| 102 | |a US | ||
| 105 | |a y z 101zy | ||
| 135 | |a drcn ---uucaa | ||
| 181 | 0 | |a i | |
| 182 | 0 | |a b | |
| 200 | 1 | |a Laws of Development of Deformation Folds in [1- 11] Copper Single Crystal at Axis Compression |f D. V. Lychagin, A. Chumaevskiy, E. A. Alferova (Alfyorova) | |
| 203 | |a Text |c electronic | ||
| 225 | 1 | |a Material Science, Machining Technologies and Equipments in Mechanical Engineering | |
| 300 | |a Title screen | ||
| 330 | |a Deformation folds on the surface of copper single crystal with compression axis orientation are analysed. Folds are an element of the deformation relief on meso-and macro-level secondary to macrobands. Folds are generated in several major crystal areas due to sample bending or striation in its end area. | ||
| 333 | |a Режим доступа: по договору с организацией-держателем ресурса | ||
| 461 | 1 | |0 (RuTPU)RU\TPU\network\5920 |t Applied Mechanics and Materials |o Scientific Journal | |
| 463 | 0 | |0 (RuTPU)RU\TPU\network\4804 |t Vol. 682 : Innovation Technology and Economics in Engineering |o 5th International Scientific Practical Conference, May 22-23, Yurga, Russia |o [proceedings] |f National Research Tomsk Polytechnic University (TPU) |v [P. 448-452] |d 2014 | |
| 610 | 1 | |a труды учёных ТПУ | |
| 610 | 1 | |a электронный ресурс | |
| 610 | 1 | |a медь | |
| 610 | 1 | |a кристаллографическая ориентация | |
| 610 | 1 | |a монокристаллы | |
| 700 | 1 | |a Lychagin |b D. V. |c specialist in the field of mechanical engineering |c Professor of Yurga technological Institute of Tomsk Polytechnic University, Doctor of physical and mathematical sciences |f 1957- |g Dmitry Vasilievich |3 (RuTPU)RU\TPU\pers\31402 | |
| 701 | 1 | |a Chumaevskiy |b A. | |
| 701 | 1 | |a Alferova (Alfyorova) |b E. A. |c specialist in the field of mechanical engineering |c associate Professor Yurginsky technological Institute (branch) of Tomsk Polytechnic University, candidate of physical and mathematical Sciences |f 1982- |g Ekaterina Aleksandrovna |3 (RuTPU)RU\TPU\pers\34576 |9 17938 | |
| 712 | 0 | 2 | |a Национальный исследовательский Томский политехнический университет (ТПУ) |b Юргинский технологический институт (филиал) (ЮТИ) |b Кафедра технологии машиностроения (ТМС) |3 (RuTPU)RU\TPU\col\18902 |
| 801 | 2 | |a RU |b 63413507 |c 20161230 |g RCR | |
| 856 | 4 | |u http://dx.doi.org/10.4028/www.scientific.net/AMM.682.448 | |
| 942 | |c CF | ||